Collyrium : a sermon of destructive ignorance and saving knowledge, preached in Christ-Church, Dublin, August 4, 1672, and published at the importunity of divers, who thought it might tend to disabuse many well-meaning people /

Bibliographic Details
Main Author: Wettenhall, Edward, 1636-1713
Format: eBook
Language:English
Published: London : Printed for Thomas Rooks, and are to be sold by Joseph Wilde, 1672.
Series:Early English books online.
Subjects:
Online Access:Connect to the full text of this electronic book

MARC

Tag First Indicator Second Indicator Subfields
LEADER 00000nam a2200000Ia 4500
001 in00004243213
005 20200807091751.0
006 m g d
007 cr bn |||a|bb|
008 840331s1672 enk o 00| | eng d
035 |a (OCoLC)10581652 
040 |a UMI  |c UMI  |d WaOLN 
037 |a CL0037000047  |b ProQuest Information and Learning. 300 N. Zeeb Rd., Ann Arbor, MI 48106 
045 |a u-u- 
049 |a UMIA 
090 |a BT753  |b .W47 
100 1 |a Wettenhall, Edward,  |d 1636-1713. 
245 1 0 |a Collyrium :  |b a sermon of destructive ignorance and saving knowledge, preached in Christ-Church, Dublin, August 4, 1672, and published at the importunity of divers, who thought it might tend to disabuse many well-meaning people /  |c by Edw. Wetenhall. 
260 |a London :  |b Printed for Thomas Rooks, and are to be sold by Joseph Wilde,  |c 1672. 
300 |a 1 online resource ([5], 32 pages) 
336 |a text  |b txt  |2 rdacontent 
337 |a computer  |b c  |2 rdamedia 
338 |a online resource  |b cr  |2 rdacarrier 
500 |a Reproduction of original in the Trinity College Library, Dublin University. 
510 4 |a Wing  |c W1493. 
533 |a Electronic reproduction.  |b Ann Arbor, Mich. :  |c UMI,  |d 1999-  |f (Early English books online)  |n Digital version of: (Early English books, 1641-1700 ; 1391:25)  |7 s1999 miun s 
650 0 |a Salvation  |v Early works to 1800. 
650 0 |a Sermons, English  |y 17th century. 
740 0 |a Sermon of destructive ignorance and saving knowledge. 
830 0 |a Early English books online. 
856 4 0 |u http://proxy.library.tamu.edu/login?url=https://search.proquest.com/docview/2264172398  |z Connect to the full text of this electronic book  |t 0 
999 f f |s f8021d89-0eaa-37a8-84a2-12a4951359ec  |i 7774be35-573f-3593-b519-d876098557b6  |t 0 
952 f f |a Texas A&M University  |b College Station  |c Electronic Resources  |d Available Online  |t 0  |e BT753 .W47  |h Library of Congress classification 
998 f f |a BT753 .W47  |t 0  |l Available Online